| 000 | 00449 a2200157 4500 | ||
|---|---|---|---|
| 999 |
_c29903 _d29903 |
||
| 003 | NUST | ||
| 005 | 20180118122556.0 | ||
| 008 | 180118b xxu||||| |||| 00| 0 eng d | ||
| 020 | _a0470843160 | ||
| 020 | _a9780470843161 | ||
| 082 | 0 | 4 | _a536.7 |
| 100 | 1 |
_aRoy, Bimalendu Narayan. _98714 |
|
| 245 | 1 | 0 |
_aFundamentals of classical and statistical thermodynamics / _cBimalendu Narayan Roy. |
| 260 |
_a[S.l.] : _bWiley, _c2002. |
||
| 300 |
_a768 p. ; _c25 cm. |
||
| 700 |
_aRoy, Bimalendu Narayan. _98714 |
||
| 942 |
_aSNS _cBK _k536.7 ROY _2ddc |
||